000 00581nam a2200229Ia 4500
003 OSt
005 20220924135428.0
006 a|||||r|||| 00| 0
007 ta
008 220923b |||||||| |||| 00| 0 ben d
024 _a291156
037 _cTextual
040 _aARTS
_cARTS
_bben
041 _2ben
_aben
082 _aO152,1NMH,1, 157K2
100 _aMahmood Ashraf
_9210319
245 0 _aNimantran
260 _c1962
650 _aHINDI LITERATURE
_923866
942 _hO152,1NMH,1, 157K2
_cTEXL
_2CC
999 _c440683
_d440683